000 00767nam a2200193Ia 4500
008 130821s1994 ck gr spa
040 _aCo-BoUCM
_bspa
041 _aspa
111 2 _aSeminario de Prospectiva Internacional
_bIntegración, Desarrollo Económico y Competitividad
_9155016
245 1 0 _aIntegración, desarrollo económico Competitividad
_cCompilador Jaime Acosta Puertas
260 _aBogotá (Cundinamarca, Colombia)
_bCaf-Creset-Ifi
_c1994
300 _a232 páginas
504 _aIncluye índice
650 0 4 _aDesarrollo económico
_9438
651 _aAmérica Latina
_xIntegración económica
_928921
700 1 _aAcosta Puertas, Jaime
_d1951-
_ecomp.
_9116881
942 _cLIBRO
_a7
_e1
_mS35I
_2DEWEY
_h382.1
999 _c2903
_d2903